Climate change adaptation strategies in agriculture and allied sectors (Record no. 306386)
[ view plain ]
| 000 -LEADER | |
|---|---|
| fixed length control field | 00556nam a2200217Ia 4500 |
| 008 - FIXED-LENGTH DATA ELEMENTS--GENERAL INFORMATION | |
| fixed length control field | 141004s9999 xx 000 0 und d |
| 020 ## - INTERNATIONAL STANDARD BOOK NUMBER | |
| International Standard Book Number | 9788172336790 |
| 040 ## - CATALOGING SOURCE | |
| Transcribing agency | a |
| 041 ## - LANGUAGE CODE | |
| Language code of text/sound track or separate title | English |
| 082 ## - DEWEY DECIMAL CLASSIFICATION NUMBER | |
| Classification number | 363.73874 |
| 082 ## - DEWEY DECIMAL CLASSIFICATION NUMBER | |
| Item number | PRA/CL |
| 100 ## - MAIN ENTRY--PERSONAL NAME | |
| Personal name | GSLHV Prasad Rao |
| 245 ## - TITLE STATEMENT | |
| Title | Climate change adaptation strategies in agriculture and allied sectors |
| 245 ## - TITLE STATEMENT | |
| Statement of responsibility, etc. | GSLHV Prasad Rao |
| 260 ## - PUBLICATION, DISTRIBUTION, ETC. (IMPRINT) | |
| Place of publication, distribution, etc. | Amsterdam |
| 260 ## - PUBLICATION, DISTRIBUTION, ETC. (IMPRINT) | |
| Name of publisher, distributor, etc. | Scientific publishers |
| 260 ## - PUBLICATION, DISTRIBUTION, ETC. (IMPRINT) | |
| Date of publication, distribution, etc. | 2011 |
| 365 ## - TRADE PRICE | |
| Price type code | Rs. 1675 |
| 650 ## - SUBJECT ADDED ENTRY--TOPICAL TERM | |
| Topical term or geographic name as entry element | Climate change |
| 942 ## - ADDED ENTRY ELEMENTS (KOHA) | |
| Koha item type | Books (General) |
| Withdrawn status | Lost status | Source of classification or shelving scheme | Damaged status | Not for loan | Home library | Current library | Cost, normal purchase price | Total Checkouts | Full call number | Barcode | Date last seen | Price effective from | Koha item type |
|---|---|---|---|---|---|---|---|---|---|---|---|---|---|
| Dewey Decimal Classification | College of Forestry, Vellanikkara | College of Forestry, Vellanikkara | 1675.00 | 551.7 PRA/CL | KAU_COF-5702 | 04/10/2014 | 04/10/2014 | Books (General) |
